000 00655nam a22002657a 4500
003 UA-OsUOA
001 23745
007 ta
008 20040128b un ||||| |||| 00| 0 ukr d
100 _aБрегеда А. Ю.
090 _a32(075.8)
_bБ87
942 _cBK
040 _aUA-OsUOA
_bukr
_cUA-OsUOA
_dUA-OsUOA
245 _aОснови політології
300 _a312 с.
955 _a2
041 _aukr
080 _a32(075.8)
020 _a966-574-069-5
260 _aКиїв
_bКНЕУ
_c2000
044 _aUA
250 _n2-е вид., перероб. і доп.
650 7 _a32 Політика
_2UDC
999 _c310002
_d310002